[Event "Navarro mem"]
[Site "Santiago de Chile"]
[Date "1997.??.??"]
[Round "4"]
[White "Godoy Bugueno, David A"]
[Black "Barria, Daniel"]
[Result "0-1"]
[WhiteElo "2295"]
[BlackElo "2355"]

1.e4 c5 2.Nf3 Nc6 3.Nc3 g6 4.d4 cxd4 5.Nxd4 Bg7 6.Be3 Nf6 7.Bc4 O-O 8.Bb3 a5
9.a4 Ng4 10.Nxc6 Nxe3 11.Nxd8 Nxd1 12.Rxd1 Bxc3+ 13.bxc3 Rxd8 14.h4 d6 15.h5 Be6
16.hxg6 hxg6 17.Bxe6 fxe6 18.Rb1 Rab8 19.Rb5 b6 20.Rh3 Kg7 21.Rg3 e5 22.c4 Rdc8
23.Rc3 Rc6 24.Ke2 Rbc8 25.Kd3 Kf6 26.g3 g5 27.f4 gxf4 28.gxf4 exf4 29.Rf5+ Ke6
30.Rxf4 Rh8 31.Rb3 Rh1 32.Rf5 Rd1+ 33.Ke2 Rd4 34.Rfb5 Rxe4+ 35.Kd3 Rexc4
36.c3 Rxa4 37.Rxb6 Rxb6 38.Rxb6 Ke5 39.Rb5+ d5 40.Kc2 Ke4 41.Kb3 Ra1 42.Kb2 Re1
43.Rxa5 Re2+ 44.Kb3 e5 45.Rc5 Rd2 46.Rc8 Kd3 47.Rc5 Ke3 48.c4 dxc4+ 49.Rxc4 e4
50.Kc3 Rd8 51.Kc2 Kf3 52.Rc7 e3 53.Rh7 e2 54.Rf7+ Ke3 55.Re7+ Kf2 56.Rf7+ Ke1
57.Rf6 Rc8+ 58.Kb2 Rc5  0-1

[Event "Saratoga Springs op"]
[Site "Saratoga"]
[Date "1997.??.??"]
[Round "3"]
[White "Grechikhin, Vladimir"]
[Black "Bonin, Jay R"]
[Result "0-1"]
[WhiteElo "2275"]
[BlackElo "2345"]

1.e4 c5 2.Nf3 Nc6 3.Nc3 e5 4.Bb5 a6 5.Bxc6 dxc6 6.Nxe5 Qg5 7.f4 Qxg2 8.Qf3 Qxf3
9.Nxf3 f6 10.d3 Be6 11.Be3 c4 12.Nd4 Bf7 13.dxc4 Bb4 14.O-O-O Bxc3 15.bxc3 Ne7
16.Nb3 O-O 17.c5 Rae8 18.Rhe1 Ng6 19.Rd4 Re7 20.Na5 Rfe8 21.Bd2 Nh4 22.Rb4 Bg6
23.e5 Nf3 24.Re3 Nxd2 25.Kxd2 fxe5 26.Rxe5 Rxe5 27.fxe5 Rxe5 28.Nxb7 h5 29.Rd4 Kh7
30.h4 Bf7 31.c4 g5 32.hxg5 Rxg5 33.Ke3 Rg2 34.c3 Rc2 35.Rd7 Kg8 36.Nd6 Be6  0-1

[Event "Bayern-ch Seniors op"]
[Site "Schloss Schney"]
[Date "1997.??.??"]
[Round "8"]
[White "Van Houten, Henk"]
[Black "Schulz, Eugen"]
[Result "1-0"]
[WhiteElo "1650"]
[BlackElo "1791"]

1.e4 c5 2.Nc3 Nc6 3.Bb5 g6 4.Nf3 Bg7 5.O-O d6 6.Re1 Bd7 7.Bxc6 Bxc6 8.d4 e5
9.d5 Bd7 10.a4 a6 11.a5 Ne7 12.Bd2 h6 13.Na4 g5 14.Nb6 Rb8 15.b4 Nc8 16.bxc5 Nxb6
17.cxb6 g4 18.Bb4 gxf3 19.Qxf3 Qe7 20.Qg3 Bf6 21.Qa3 Qd8 22.Bxd6 Be7 23.c4 Rg8
24.c5 Bxd6 25.cxd6 Qg5 26.g3 Kf8 27.Rac1 Kg7 28.Rc7 Rgd8 29.Qc3 f6 30.Qf3 Kg6
31.Qa3 Qd2 32.Rec1 Qd4 33.Qf3 Qd2 34.h4 h5 35.Rd1  1-0

[Event "Schwaebisch Gmuend op"]
[Site "Schwaebisch Gmuend"]
[Date "1997.??.??"]
[Round "3"]
[White "Chudinovskih, Alexander"]
[Black "Kais, Edgar"]
[Result "1-0"]
[WhiteElo "2290"]
[BlackElo "2035"]

1.e4 c5 2.Nc3 Nc6 3.Nge2 d6 4.d4 cxd4 5.Nxd4 Nf6 6.Bg5 Bd7 7.Qd2 a6 8.O-O-O e6
9.f4 h6 10.Bh4 g5 11.fxg5 Ng4 12.Nf3 hxg5 13.Bxg5 f6 14.Bf4 e5 15.g3 exf4
16.gxf4 Qa5 17.Rg1 O-O-O 18.Kb1 Qc5 19.Nd5 Nxh2 20.Be2 Qf2 21.Qd3 Nxf3 22.Bxf3 Rh3
23.Rgf1 Qh4 24.Qe3 Be6 25.Rd3 Kb8 26.Rb3 Bxd5 27.exd5 Na7 28.a4 f5 29.Qb6 Rd7
30.Ka2 Qxf4 31.Rb4 Qd2 32.Bg4 Qxd5+ 33.c4 Qg2 34.Bxf5 Nc6 35.Bxh3 Nxb4+ 36.Ka1 Nc2+
37.Kb1 Na3+ 38.Ka2 Qg8 39.Kxa3 Rc7 40.Be6 Qg3+ 41.Ka2 Be7 42.Rg1 Rc6 43.Qxc6 Qxg1
44.Qe8+ Ka7 45.Qxe7 Qc5 46.Bd5 Qb4 47.Qe3+ Ka8 48.Qb3  1-0

[Event "Seefeld op"]
[Site "Seefeld"]
[Date "1997.??.??"]
[Round "?"]
[White "Pilz, Dieter"]
[Black "Schmittdiel, Eckhard"]
[Result "0-1"]
[WhiteElo "2250"]
[BlackElo "2450"]

1.e4 c5 2.Nc3 Nc6 3.Nf3 e6 4.Bb5 Nge7 5.O-O a6 6.Bxc6 Nxc6 7.Re1 d6 8.d4 cxd4
9.Nxd4 Be7 10.Nxc6 bxc6 11.e5 d5 12.Qg4 Kf8 13.Ne2 h5 14.Qf3 g6 15.Be3 Rb8
16.Nf4 Kg7 17.b3 c5 18.Rad1 Bb7 19.c3 a5 20.Qe2 a4 21.Qd2 Bc6 22.Rb1 axb3
23.axb3 Rb7 24.Nh3 Qc7 25.Bg5 Rhb8 26.Bf6+ Bxf6 27.exf6+ Kxf6 28.Qh6 Rxb3
29.Rxb3 Rxb3 30.Ng5 Qb8 31.Nh7+ Ke7 32.Qg5+ Ke8 33.Nf6+ Kf8 34.Qh6+ Ke7 35.Qg5 Rb1
36.Nxd5+ Kf8 37.Qh6+ Ke8 38.Qh8+ Kd7 39.Nb6+  0-1

[Event "Seefeld op"]
[Site "Seefeld"]
[Date "1997.??.??"]
[Round "?"]
[White "Pilz, Dieter"]
[Black "Schelle, Artur"]
[Result "1-0"]
[WhiteElo "2250"]
[BlackElo "2260"]

1.e4 c5 2.Nc3 Nc6 3.Nf3 d6 4.Bb5 Bd7 5.O-O g6 6.Bxc6 Bxc6 7.e5 dxe5 8.Nxe5 Rc8
9.d3 Bg7 10.Re1 Nf6 11.Qe2 Bd7 12.Bg5 Be6 13.Qf3 O-O 14.a4 Nd5 15.Nxd5 Bxd5
16.Bxe7 Bxf3 17.Bxd8 Bxg2 18.Be7 Rfe8 19.Nc4 Bc6 20.Nd6 Bxb2 21.Rab1 Bc3
22.Re2 Rb8 23.Kf1 b6 24.Rb3 Ba5 25.Ra3 Bb4 26.Ra2 Bc3 27.Ra3 Bb4 28.Ra1 Bc3
29.Rb1 Bxa4 30.Nxe8 Rxe8 31.Bg5 Rxe2 32.Kxe2 Bd4 33.Kd2 f6 34.Be3 Bxe3+ 35.fxe3 Bc6
36.Ra1  1-0

[Event "BUL-ch"]
[Site "Shumen"]
[Date "1997.??.??"]
[Round "6"]
[White "Radulski, Julian"]
[Black "Vasilev, Milen"]
[Result "1-0"]
[WhiteElo "2385"]
[BlackElo "2275"]

1.e4 c5 2.Nc3 Nc6 3.Bb5 g6 4.Nge2 Bg7 5.O-O a6 6.Bxc6 bxc6 7.d3 Nf6 8.Be3 d6
9.h3 O-O 10.Qd2 e5 11.f4 exf4 12.Bxf4 d5 13.exd5 Nxd5 14.Bh6 Nxc3 15.bxc3 c4
16.Bxg7 Kxg7 17.Rf4 cxd3 18.cxd3 c5 19.c4 Kg8 20.d4 Qg5 21.Nc3 cxd4 22.Ne4 Qd8
23.Nf6+ Kg7 24.Raf1 h6 25.Rh4 Rh8 26.Rxd4 Qb6 27.Qc3 Rb8 28.Nd5 Qb2 29.Rdf4+ f6
30.Rxf6  1-0

[Event "BUL-ch"]
[Site "Shumen"]
[Date "1997.??.??"]
[Round "7"]
[White "Bratanov, Zsivko"]
[Black "Petrov, Marijan"]
[Result "1-0"]
[WhiteElo "2310"]
[BlackElo "2405"]

1.e4 c5 2.Nf3 Nc6 3.Nc3 e5 4.Bc4 d6 5.d3 h6 6.Nd2 g6 7.Nf1 Bg7 8.h4 Nf6 9.Ne3 a6
10.a3 b5 11.Ba2 Be6 12.Ncd5 h5 13.c3 Ne7 14.Nxf6+ Bxf6 15.Qf3 Bg7 16.Bxe6 fxe6
17.a4 Kd7 18.Qh3 Qf8 19.O-O Qf7 20.Nc2 Nc6 21.f4 Raf8 22.Be3 exf4 23.Bxf4 Qe8
24.axb5 axb5 25.d4 cxd4 26.cxd4 Qb8 27.d5 Nd4 28.Be3 Ne2+ 29.Kh1 Kc7 30.Rfe1 Nf4
31.Bxf4 Rxf4 32.Nb4 Qd8 33.Ra7+  1-0

[Event "BUL-ch"]
[Site "Shumen"]
[Date "1997.??.??"]
[Round "7"]
[White "Radulski, Julian"]
[Black "Spasov, Vasil"]
[Result "0-1"]
[WhiteElo "2385"]
[BlackElo "2585"]

1.e4 c5 2.Nc3 Nc6 3.Bb5 g6 4.Nge2 Bg7 5.O-O Nf6 6.f4 O-O 7.d3 Nd4 8.e5 Nxb5
9.Nxb5 Nd5 10.d4 d6 11.c4 Nc7 12.dxc5 Nxb5 13.cxb5 dxe5 14.Nc3 exf4 15.Bxf4 Qd4+
16.Kh1 Qxc5 17.Nd5 Be6 18.Nc7 Rad8 19.Qf3 Bd5 20.Qg3 e5 21.Rac1 exf4 22.Rxc5 fxg3
23.Nxd5 Rfe8 24.Nc3 Rd2 25.hxg3 Rxb2 26.Nd5 b6 27.Rc7 Rxb5 28.Rfxf7 Be5 29.Rxa7 Rxd5
30.Rxh7 Bd4 31.Kh2 Re3 32.Kh3 Rg5 33.Rhd7 Rexg3+ 34.Kh2 Rxg2+  0-1

[Event "Pools schev"]
[Site "Singapore"]
[Date "1997.??.??"]
[Round "4"]
[White "Mariano, Nelson"]
[Black "Rogers, Ian"]
[Result "1/2-1/2"]
[WhiteElo "2490"]
[BlackElo "2600"]

1.e4 c5 2.Ne2 Nc6 3.Nbc3 g6 4.g3 Bg7 5.Bg2 Rb8 6.O-O b5 7.f4 d6 8.Nd5 f5
9.exf5 Bxf5 10.Ne3 Bd7 11.f5 Nf6 12.d3 Ne5 13.h3 O-O 14.g4 gxf5 15.Nxf5 Bxf5
16.Rxf5 e6 17.Rf1 Ng6 18.Nf4 Nxf4 19.Bxf4 Rb6 20.Qe2 d5 21.Be5 Bh6  1/2-1/2

[Event "Sitges op"]
[Site "Sitges"]
[Date "1997.??.??"]
[Round "7"]
[White "Mitkov, Nikola"]
[Black "Marin, Mihail"]
[Result "1/2-1/2"]
[WhiteElo "2475"]
[BlackElo "2545"]

1.e4 c5 2.Nc3 Nc6 3.Nge2 g6 4.d4 cxd4 5.Nxd4 Bg7 6.Be3 d6 7.Bc4 Nf6 8.h3 O-O
9.Bb3 Na5 10.O-O b6 11.Qd3 Bb7 12.Bd5 Qd7 13.Rad1 Rac8 14.Rfe1 a6 15.a4 Rfe8
16.Ba2 Qc7 17.Nf3 Nd7 18.Bd4 Nc4 19.Bxc4 Qxc4 20.Qe3 Qb4 21.Bxg7 Kxg7 22.Qc1 Nf6  1/2-1/2

[Event "SLO-chT sf"]
[Site "Skofja Loka"]
[Date "1997.??.??"]
[Round "?"]
[White "Justin, Matijaz"]
[Black "Podlesnik, Bogdan"]
[Result "1/2-1/2"]
[WhiteElo "2395"]
[BlackElo "2425"]

1.e4 c5 2.Nf3 Nc6 3.Nc3 g6 4.d4 cxd4 5.Nxd4 Bg7 6.Be3 Nf6 7.Bc4 d6 8.f3 Qb6
9.Nf5 Qxb2 10.Nxg7+ Kf8 11.Bd2 Kxg7 12.O-O Qb6+ 13.Kh1 h5 14.Rb1 Qc7 15.f4 h4
16.h3 Na5 17.Be2 Bd7 18.Nd5 Nxd5 19.exd5 Rab8 20.Bd3  1/2-1/2

[Event "RUS-Cup8"]
[Site "Smolensk"]
[Date "1997.??.??"]
[Round "9"]
[White "Shchekachev, Andrei"]
[Black "Lomineishvili, Maia"]
[Result "1-0"]
[WhiteElo "2520"]
[BlackElo "2385"]

1.e4 c5 2.Nf3 Nc6 3.Nc3 d6 4.d4 cxd4 5.Nxd4 Nf6 6.Bg5 e6 7.Qd2 a6 8.O-O-O h6
9.Nxc6 bxc6 10.Bf4 d5 11.Qe3 Bb4 12.a3 Be7 13.Be2 Nd7 14.h4 O-O 15.Qg3 Kh8
16.Bc7 Qe8 17.Rhe1 Ra7 18.Bf3 d4 19.Rxd4 e5 20.Rxd7 Bxd7 21.Bxe5 Rg8 22.Ne2 Rb7
23.Bc3 Qd8 24.Qf4 Kh7 25.Qxf7 Bxh4 26.Bh5 Qe8 27.Bg6+ Kh8 28.g3 Qxf7 29.Bxf7 Rf8
30.Bc4 Be7 31.f4 Ra7 32.Nd4 c5 33.Ne6 Bxe6 34.Bxe6 Kh7 35.Bc4 g6 36.e5 Kg7
37.Kd2 h5 38.Ke3 Rd8 39.Rh1 Rf8 40.Kf3 Rh8 41.Rg1 a5 42.a4 Rb7 43.b3 Rb4
44.Bxb4 cxb4 45.g4 hxg4+ 46.Rxg4 Rh3+ 47.Ke4 Rh4 48.Rxh4 Bxh4 49.Kd5 Kf7
50.Kc6+ Ke8  1-0

[Event "POL-ch"]
[Site "Sopot"]
[Date "1997.??.??"]
[Round "12"]
[White "Gdanski, Jacek"]
[Black "Maciejewski, Miroslaw"]
[Result "1/2-1/2"]
[WhiteElo "2485"]
[BlackElo "2355"]

1.e4 c5 2.Nc3 Nc6 3.Nf3 g6 4.Bb5 Bg7 5.Bxc6 bxc6 6.O-O e5 7.d3 Ne7 8.Be3 d6
9.Qd2 O-O 10.Bh6 f5 11.Bxg7 Kxg7 12.exf5 gxf5 13.Qg5+ Ng6 14.Qxd8 Rxd8 15.Nd2 Be6
16.f3 Rd7 17.Kf2 Rb8 18.b3 Nf4 19.Ne2 Nd5 20.g3 Nb4 21.Rfc1 Nd5 22.a3 Bf7
23.Rg1 Nf6 24.h3 h5 25.Rae1 Re8 26.Nc3 Nd5 27.Nd1 Kf8 28.h4 Nf6 29.Re2 Kg7
30.Rge1 Kg6 31.Kf1 Rde7 32.Nc3 Nd5 33.Nd1  1/2-1/2

[Event "Bodensee-Cup"]
[Site "Steckborn"]
[Date "1997.??.??"]
[Round "2"]
[White "Maier, Christian"]
[Black "Bartsch, Berthold"]
[Result "1-0"]
[WhiteElo "2360"]
[BlackElo "2345"]

1.e4 c5 2.Nc3 Nc6 3.Nf3 e5 4.Bc4 g6 5.d3 Bg7 6.Ng5 Nh6 7.h4 f6 8.Nf3 d6 9.h5 Bg4
10.Nd5 g5 11.Ne3 Qd7 12.c3 O-O-O 13.Nxg4 Nxg4 14.Ng1 Nh6 15.Ne2 Bf8 16.Qa4 Kb8
17.f3 Ne7 18.Qxd7 Rxd7 19.Be6 Rd8 20.Be3 b6 21.d4 Nc6 22.O-O-O Be7 23.Rd2 Kc7
24.Rhd1 Rhe8 25.dxc5 bxc5 26.Ng3 Bf8 27.Bc4 Rb8 28.Bf2 Na5 29.Bd5 Be7 30.Rc2 Rf8
31.b4 Nc6 32.a4 a5 33.b5 Na7 34.Be6 Rbd8 35.Nf1 Nc8 36.g4 Nb6 37.Ne3 Rfe8
38.Bb3 Rf8 39.Rcd2 Rfe8 40.Kc2 Rf8 41.Be6 Rfe8 42.Kb3 Rf8 43.Ra2 Ra8 44.Bd5 Ra7
45.Be1 Rd8 46.Kc2 Rf8 47.Nf1 Rd8 48.c4 Rb8 49.Rd3 Nxd5 50.cxd5 Kd7 51.Ne3 Bd8
52.b6 Rxb6 53.Nc4 Rba6 54.Rb3 Nf7 55.Rab2 Bc7 56.Kd3 Nd8 57.Na3 Ra8 58.Kc4 Kc8
59.Kd3 Kd7 60.Nc4 R8a7 61.Rb5 Ra8 62.Ne3 R8a7 63.Nf5 Ra8 64.f4 Nf7 65.fxg5 Nxg5
66.Bh4 c4+ 67.Ke3 c3 68.Rc2 Rb6 69.Rxb6 Bxb6+ 70.Kd3 Nf3 71.Kxc3 Nxh4 72.Nxh4 Bd4+
73.Kd3 Rb8 74.Nf5 Rb3+ 75.Ke2 Bc5 76.Rc4 Ra3 77.Kd1 Bb4 78.Rc6 Bc5 79.Ng7 Rxa4
80.Ne6 Rxe4 81.Rxc5 Rd4+ 82.Nxd4 dxc5 83.Nb5 a4 84.Kc2 a3 85.Kb3 e4 86.Nxa3 e3
87.Nc2  1-0

[Event "Stockholm"]
[Site "Stockholm"]
[Date "1997.??.??"]
[Round "2"]
[White "Laveryd, Peter"]
[Black "Akesson, Ralf"]
[Result "1/2-1/2"]
[WhiteElo "2440"]
[BlackElo "2520"]

1.e4 c5 2.Nc3 Nc6 3.Nge2 d6 4.d4 cxd4 5.Nxd4 e6 6.Be3 Nf6 7.Bc4 Be7 8.Qe2 Na5
9.Bd3 a6 10.O-O Qc7 11.a4 Bd7 12.f4 Rc8 13.Kh1 Nc4 14.Bc1 O-O 15.b3 Ne3 16.Bxe3 Qxc3
17.Rad1 g6 18.Nf3 e5 19.fxe5 dxe5 20.Bg5 Qc5 21.b4 Qc7 22.Qe1 Bd8 23.b5 axb5
24.axb5 Nh5 25.Bxd8 Rcxd8 26.Qb4 Bg4 27.b6 Qd6 28.Qb3 Nf4 29.Be2 Qe7 30.Rxd8 Rxd8
31.Bc4 Bxf3 32.Qxf3 Rd6 33.g3 Ne6 34.Qf2 Kg7 35.Bd5 f6 36.Ra1  1/2-1/2

[Event "Stockholm"]
[Site "Stockholm"]
[Date "1997.??.??"]
[Round "11"]
[White "Laveryd, Peter"]
[Black "Hultin, Johan"]
[Result "0-1"]
[WhiteElo "2440"]
[BlackElo "2355"]

1.e4 c5 2.Nc3 Nc6 3.Nge2 d6 4.d4 cxd4 5.Nxd4 Nf6 6.Bc4 Qb6 7.Nde2 e6 8.Bb3 Be7
9.O-O O-O 10.Ng3 Na5 11.Kh1 Nxb3 12.axb3 Qc6 13.Qe2 a6 14.f4 b5 15.e5 dxe5
16.fxe5 Nd7 17.Nh5 f5 18.exf6 Nxf6 19.Bg5 Bb7 20.Bxf6 Bxf6 21.Nxf6+ Rxf6
22.Rxf6 gxf6 23.Rf1 b4 24.Nd1 Rd8 25.Ne3 f5 26.Qf2 Rd7 27.Qh4 Qd6 28.Nc4 Qd4
29.Qg3+ Qg7 30.Qb8+ Qf8 31.Qe5 Rg7 32.Qxe6+ Kh8 33.Ne3 Qa8 34.Rf2 f4 35.Qd6 f3
36.g3 Qe8 37.Qd4 Kg8 38.Qc4+ Rf7 39.Qg4+ Rg7 40.Qc4+ Kh8 41.Qd4 h6 42.h3 Be4
43.Ng4 Bc6 44.Kh2 Qg6 45.Qe5 h5 46.Nf6 h4 47.Ng4 hxg3+ 48.Qxg3 Qg5 49.Qb8+ Kh7
50.Qxb4 Qh4 51.Rf1 Bd7 52.Qe4+ Kh8 53.Rxf3 Rxg4 54.Rf8+ Kg7 55.Qf3 Be6 56.Rf7+ Kg6
57.Rf6+ Qxf6 58.Qxf6+ Kxf6 59.hxg4 Bxg4 60.b4 Bd1 61.c3  0-1

[Event "Sutton op"]
[Site "Sutton"]
[Date "1997.??.??"]
[Round "?"]
[White "Shepley, Julien M"]
[Black "Kinsman, Andrew PH"]
[Result "0-1"]
[WhiteElo "2200"]
[BlackElo "2395"]

1.Nc3 c5 2.e4 Nc6 3.Nge2 g6 4.g3 Bg7 5.Bg2 d6 6.O-O e6 7.d3 Nge7 8.Bg5 Rb8
9.a4 a6 10.Qc1 h6 11.Bd2 b5 12.axb5 axb5 13.Nf4 O-O 14.Kh1 Nd4 15.Nce2 Nec6
16.Nxd4 Nxd4 17.Re1 Qf6 18.Be3 Bb7 19.Qd2 Rfd8 20.Ra2 b4 21.Ra7 Nc6 22.Rxb7 Rxb7
23.e5 dxe5 24.Nh5 gxh5 25.Bxc6 Rc7 26.Be4 Qe7 27.Bxh6 f5 28.Bf3 e4 29.Bg5 Bf6
30.Bxf6 Qxf6 31.Bxh5 Rcd7 32.Qe3 exd3 33.cxd3 Rxd3 34.Qxc5 Qh6 35.g4 Rd1
36.Qxb4 Qc1 37.Rxd1 Rxd1+ 38.Kg2 Rg1+ 39.Kh3 fxg4+ 40.Kh4 Qc7 41.Bxg4 Qxh2+
42.Kg5 Qe5+ 43.Kh4 Qf6+ 44.Kh3 Qh6+  0-1

[Event "Sutton op"]
[Site "Sutton"]
[Date "1997.??.??"]
[Round "?"]
[White "Cobb, Charles"]
[Black "Moskovic, David M"]
[Result "1-0"]
[WhiteElo "2290"]
[BlackElo "2160"]

1.e4 c5 2.Nc3 Nc6 3.Nf3 g6 4.d4 cxd4 5.Nxd4 Bg7 6.Be3 Nf6 7.Be2 O-O 8.Nb3 d6
9.g4 Be6 10.f4 Rc8 11.f5 Bxb3 12.axb3 Ne5 13.Rxa7 b5 14.O-O Nc6 15.Rb7 b4
16.Nd5 Nxe4 17.Bb5 Nc5 18.Bxc6 Nxb7 19.Bxb7 Rb8 20.Bb6 Qe8 21.Bc6  1-0

[Event "SVK-chT1W 9798"]
[Site "SVK"]
[Date "1997.??.??"]
[Round "?"]
[White "Baroska, Alfred"]
[Black "Heinrich, Jan"]
[Result "0-1"]
[WhiteElo "1880"]
[BlackElo "2075"]

1.e4 c5 2.Nf3 Nc6 3.Nc3 g6 4.d4 cxd4 5.Nxd4 Bg7 6.Nxc6 bxc6 7.Bd2 d6 8.Bd3 Nf6
9.h3 O-O 10.O-O Nd7 11.Rb1 Ne5 12.Be2 Be6 13.b3 Bc8 14.Na4 Nd7 15.Bc3 Bxc3
16.Nxc3 Qa5 17.Na4 Rb8 18.Qe1 Qe5 19.Bd3 Nc5 20.Nxc5 Qxc5 21.a4 Be6 22.Qd2 Rb4
23.Kh1 Rfb8 24.Rfc1 Qh5 25.Kg1 d5 26.f3 c5 27.exd5 Bxd5 28.Bxg6 hxg6 29.Qe3 Be6
30.c4 Rd8 31.Rd1 Rbb8 32.Kf2 Qh4+ 33.g3 Qf6 34.h4 Rd4 35.Qh6 Rbd8  0-1

[Event "SVK-chT1E 9798"]
[Site "SVK"]
[Date "1997.??.??"]
[Round "1"]
[White "Profant, Tibor"]
[Black "Jelen, Peter"]
[Result "1/2-1/2"]
[WhiteElo "2060"]
[BlackElo "2150"]

1.e4 c5 2.Nc3 Nc6 3.Bb5 g6 4.Bxc6 dxc6 5.d3 Bg7 6.Be3 b6 7.Qd2 Nf6 8.Bh6 Bxh6
9.Qxh6 Qd4 10.h3 Nd7 11.Nge2 Qf6 12.f4 Rg8 13.e5 Qg7 14.Qxg7 Rxg7 15.O-O-O Bb7
16.Rde1 Nf8 17.g4 O-O-O 18.Ng3 Rd7 19.Rhf1 Ne6 20.Nce4 Kc7 21.f5 gxf5 22.gxf5 Nd8
23.Nh5 Rg8 24.Nf4 Kb8 25.Rg1 Rh8 26.Rg7 h6 27.Reg1 c4 28.e6 fxe6 29.fxe6 Rc7
30.Rg8 Rxg8 31.Rxg8 Rc8 32.dxc4 Nxe6 33.Rxc8+ Bxc8 34.Ng6 Nd8 35.Nxe7 Bxh3
36.Ng8 h5 37.Kd2 Bg2 38.Nef6 h4 39.Ke3 Bh3 40.Ne7 Be6 41.b3 Kc7 42.Kf2 Kd6
43.Ng6 Bf5 44.Nxh4 Bxc2 45.Ke3 Ke6 46.Ne4  1/2-1/2

[Event "SVK-chT 9798"]
[Site "SVK"]
[Date "1997.??.??"]
[Round "2"]
[White "Bednar, J."]
[Black "Lanc, Alois"]
[Result "0-1"]
[WhiteElo "2230"]
[BlackElo "2390"]

1.e4 c5 2.Nc3 Nc6 3.Nf3 d6 4.Bb5 a6 5.Bxc6+ bxc6 6.d4 cxd4 7.Qxd4 e5 8.Qd3 Be7
9.b3 Nf6 10.Na4 O-O 11.c4 d5 12.cxd5 cxd5 13.O-O Bd7 14.Nc3 dxe4 15.Nxe4 Bb5
16.Qxd8 Rfxd8 17.Re1 Nxe4 18.Rxe4 Bc6 19.Re2 Rd1+ 20.Ne1 Bb5 21.Re4 Bd3 22.Rxe5 Bf6
23.Bb2 Rxa1 24.Bxa1 Bxe5 25.Bxe5 Bb1 26.a3 f6 27.Bf4 Rd8 28.f3 Rd1 29.Kf2 Bg6  0-1

[Event "SVK-chT 9798"]
[Site "SVK"]
[Date "1997.??.??"]
[Round "3"]
[White "Felcir, Jaroslav"]
[Black "Lanc, Alois"]
[Result "0-1"]
[WhiteElo "2175"]
[BlackElo "2390"]

1.e4 c5 2.Nf3 Nc6 3.Nc3 d6 4.d4 cxd4 5.Nxd4 Nf6 6.Bg5 e6 7.Qd2 h6 8.Be3 Ng4
9.O-O-O a6 10.f4 Nxe3 11.Qxe3 Be7 12.Kb1 Qc7 13.g4 O-O 14.g5 hxg5 15.fxg5 Nxd4
16.Rxd4 Qc5 17.h4 b5 18.a3 Bb7 19.Rh3 Rac8 20.Qd2 f6 21.g6 Qh5 22.Rg3 Rc5
23.Bh3 Bc8 24.Bg4 Qh6 25.Qxh6 gxh6 26.h5 Rg5 27.Ne2 Rxg4 28.Rxg4 e5 29.g7 Rf7
30.Rg6 exd4 31.Nf4 Bb7 32.Ne6 Bxe4 33.Rxh6 Rxg7  0-1

[Event "SVK-chT 9798"]
[Site "SVK"]
[Date "1997.??.??"]
[Round "3"]
[White "Movsesian, Sergei"]
[Black "Pal, Peter"]
[Result "1-0"]
[WhiteElo "2555"]
[BlackElo "2190"]

1.e4 c5 2.Nf3 Nc6 3.Nc3 e5 4.Bc4 Be7 5.d3 Nf6 6.O-O d6 7.h3 O-O 8.a3 Be6
9.Nd5 Bxd5 10.exd5 Nd4 11.Nh2 b5 12.Ba2 b4 13.axb4 cxb4 14.Bc4 Qb8 15.c3 Nb5
16.Qb3 Nc7 17.cxb4 Qb7 18.Ra5 Rfb8 19.Bd2 Bd8 20.Rfa1 Nce8 21.R5a4 Bb6 22.Nf1 Nc7
23.Ne3 g6 24.Qd1 Rf8 25.Qf3 Nd7 26.Ba6 Nxa6 27.Rxa6 f5 28.Nc4 e4 29.dxe4 fxe4
30.Qxe4 Rae8 31.Qd3 Ne5 32.Nxe5 Rxe5 33.Be3 Bxe3 34.fxe3 Qxb4 35.Rxa7 Qxb2
36.Kh1 Rfe8 37.Rb1 Qf2 38.Qc3 Qxe3 39.Qxe3 Rxe3 40.Rbb7 Re1+ 41.Kh2 Rd1 42.Rg7+ Kh8
43.Rxh7+ Kg8 44.Rag7+ Kf8 45.Rd7  1-0

[Event "SVK-chT 9798"]
[Site "SVK"]
[Date "1997.??.??"]
[Round "4"]
[White "Petrik, Karol"]
[Black "Manik, Mikulas"]
[Result "0-1"]
[WhiteElo "2225"]
[BlackElo "2465"]

1.e4 c5 2.Nf3 Nc6 3.Nc3 g6 4.Bb5 Bg7 5.Bxc6 bxc6 6.O-O f6 7.d3 d6 8.h3 Nh6
9.Nh2 O-O 10.Be3 f5 11.Qd2 Nf7 12.f4 Rb8 13.Rab1 Qa5 14.e5 dxe5 15.Qf2 c4
16.d4 exf4 17.Bxf4 Rxb2 18.Qd2 Rxb1 19.Rxb1 Rd8 20.Ne2 Qxd2 21.Bxd2 e5 22.Ba5 Rd5
23.Rb8 Rxa5 24.Rxc8+ Bf8 25.Rxc6 Rxa2 26.Rxc4 exd4 27.Nxd4 Nd6 28.Rc6 Ra1+
29.Kf2 Ne4+ 30.Ke3 Ra3+ 31.Ke2 Ng3+ 32.Kf2 Bc5 33.Nf3 f4 34.Ke1 Bb4+ 35.Kf2 Ra1
36.Nh2 Rh1 37.c3 Bxc3 38.Ne6 Bd2 39.Kf3 Rxh2 40.Rc7 Rh1 41.Rg7+ Kh8 42.Rxa7 h5
43.Ra8+ Kh7 44.Nxf4 Rf1+ 45.Kxg3 Bxf4+ 46.Kh4 Be5 47.Re8 Re1 48.Ra8 Kh6 49.Ra6 Re3  0-1

[Event "SVK-chT 9697"]
[Site "SVK"]
[Date "1997.??.??"]
[Round "6"]
[White "Chmelik, Lukas"]
[Black "Petrik, Stanislav"]
[Result "1/2-1/2"]
[WhiteElo "2260"]
[BlackElo "2185"]

1.e4 c5 2.Nf3 Nc6 3.Nc3 g6 4.d4 cxd4 5.Nxd4 Bg7 6.Be3 Nf6 7.Bc4 O-O 8.Bb3 Ng4
9.Qxg4 Nxd4 10.Qd1 Nxb3 11.axb3 Qc7 12.Bd4 b6 13.O-O Bb7 14.Bxg7 Kxg7 15.Qd4+ Kg8
16.Rfd1 d6 17.Rd2 Rfc8 18.f3 Qc5 19.b4 Qc4 20.b5 Qxd4+ 21.Rxd4 a5 22.bxa6 Rxa6
23.Rxa6 Bxa6 24.Rb4 b5 25.Kf2 Kf8 26.Ke3 e6 27.Kd2 Rc5 28.Ne2 Bc8 29.Rb3 Ke7
30.Ra3 Bd7 31.Ra7 f5 32.Nd4 fxe4 33.fxe4 Rg5 34.g3 Rh5 35.Nf3 g5 36.h4 gxh4
37.gxh4 Rh6 38.Rb7 Rg6 39.Kd3 Rg3 40.Ke3 e5 41.c3 Rg2 42.b3 h5 43.c4 Rb2
44.Nd2 bxc4 45.Nxc4 Rh2 46.Nb6 Rh3+ 47.Kd2 Rxh4 48.Nxd7 Ke6 49.Nf8+ Kf6 50.Ke3 Rh3+
51.Kf2 h4 52.b4 Rb3 53.b5 h3 54.b6 d5 55.exd5 e4 56.Rh7 Ke5 57.Rh5+ Kd6 58.Ne6 Rxb6
59.Nf4 Rb3 60.Nxh3 Rd3 61.Nf4 Rf3+ 62.Kg2 Rxf4  1/2-1/2

[Event "SVK-chT 9697"]
[Site "SVK"]
[Date "1997.??.??"]
[Round "8"]
[White "Brestak, Jan"]
[Black "Kijac, Miroslav"]
[Result "1-0"]
[WhiteElo "2210"]
[BlackElo "2150"]

1.Nc3 c5 2.Nf3 Nc6 3.e4 g6 4.Bc4 Bg7 5.O-O e6 6.d3 Nge7 7.Bb3 O-O 8.Be3 Nd4
9.Bf4 d5 10.exd5 Nxd5 11.Nxd5 exd5 12.Nxd4 Bxd4 13.c3 Bg7 14.Re1 Be6 15.Be5 c4
16.Bxg7 Kxg7 17.Bc2 Qf6 18.d4 b5 19.Re5 Rab8 20.Qd2 a5 21.f4 Rfd8 22.Rf1 Bc8
23.Qe3 Rb7 24.Qg3 Qd6 25.h4 f6 26.Re3 Be6 27.h5 Bf7 28.Rfe1 Rg8 29.Qg4 b4
30.hxg6 hxg6 31.Bxg6 Bxg6 32.f5 Kf7 33.fxg6+ Rxg6 34.Qh5 Kg7 35.Rh3 Kf7 36.Qh8 Qf8
37.Rh7+ Rg7 38.Rxg7+  1-0

[Event "SWZ-chT9697"]
[Site "SWZ"]
[Date "1997.??.??"]
[Round "?"]
[White "Brendel, Oliver"]
[Black "Kraehenbuehl, Gerhard"]
[Result "1/2-1/2"]
[WhiteElo "2430"]
[BlackElo "2270"]

1.e4 c5 2.Nc3 Nc6 3.Nf3 g6 4.d4 cxd4 5.Nxd4 Bg7 6.Nde2 Nf6 7.g3 O-O 8.Bg2 d6
9.h3 Rb8 10.a4 b6 11.O-O a6 12.Nd5 Bb7 13.Bg5 e6 14.Ndc3 h6 15.Be3 Qc7 16.Qd2 Kh7
17.f4 Na5 18.b3 Rbc8 19.Bd4 Nc6 20.Be3 Ne7 21.Bd4 Nc6 22.Be3 Ne7 23.Bd4  1/2-1/2

[Event "SWZ-chT9697"]
[Site "SWZ"]
[Date "1997.??.??"]
[Round "?"]
[White "Franzoni, Giancarlo"]
[Black "Gheorghiu, Florin"]
[Result "1/2-1/2"]
[WhiteElo "2455"]
[BlackElo "2480"]

1.e4 c5 2.Nc3 Nc6 3.Nge2 d6 4.d4 cxd4 5.Nxd4 Nf6 6.Nb3 e6 7.Bd3 a6 8.O-O b5
9.f4 b4 10.Ne2 Be7 11.Kh1 O-O 12.Ng3 e5 13.fxe5 dxe5 14.Nf5 Bxf5  1/2-1/2

[Event "SWZ-chT9697"]
[Site "SWZ"]
[Date "1997.??.??"]
[Round "?"]
[White "Franzoni, Giancarlo"]
[Black "Landenbergue, Claude"]
[Result "1/2-1/2"]
[WhiteElo "2455"]
[BlackElo "2420"]

1.e4 c5 2.Nc3 Nc6 3.Nf3 d6 4.d4 cxd4 5.Nxd4 Nf6 6.Nb3 e6 7.Bd3 Be7 8.O-O O-O
9.f4 a6 10.Qf3 Rb8 11.Bd2 b5 12.Rae1 Nb4 13.Ne2 Nxd3 14.cxd3 b4 15.Rc1 Bd7
16.Ned4 a5 17.Nc6 Bxc6 18.Rxc6 Nd7 19.Rc2 Bf6 20.Be3 a4 21.Nd4 Bxd4 22.Bxd4 e5
23.fxe5 dxe5 24.Bc5 Nxc5 25.Rxc5 Qd4+ 26.Qf2 Qxd3 27.Rxe5 Qc4 28.a3 bxa3
29.bxa3 Rb3 30.Rd5 h6 31.Rd4 Qb5 32.e5 Rb1 33.Rdd1 Rxd1 34.Rxd1 Qxe5 35.Qd4 Qb5
36.Qb4 Qc6 37.Qd6 Qc2 38.Qd3 Qc5+ 39.Qd4 Qc2 40.Qd3 Qa2 41.Qd4 Qb3 42.Rd3 Qb5
43.Qd5 Qb8 44.Qd6 Qc8 45.h3 Re8 46.Kh2 Kh7 47.Rf3 Re6 48.Qf4 Qe8 49.Qxf7 Qxf7
50.Rxf7 Re3 51.Rf3 Rxf3 52.gxf3 Kg6 53.Kg3 Kf5 54.f4 g5  1/2-1/2

[Event "Taastrup 25 Jub"]
[Site "Taastrup"]
[Date "1997.??.??"]
[Round "1"]
[White "Kristensen, Bjarke"]
[Black "Nilssen, John Arni"]
[Result "1/2-1/2"]
[WhiteElo "2415"]
[BlackElo "2305"]

1.e4 c5 2.Nf3 Nc6 3.Nc3 g6 4.d4 cxd4 5.Nxd4 Bg7 6.Nb3 Nf6 7.Be2 O-O 8.O-O d6
9.Bg5 h6 10.Bh4 Rb8 11.Kh1 Bd7 12.a4 a6 13.a5 Be6 14.f4 Bxb3 15.cxb3 Nxa5
16.e5 Ne8 17.e6 f5 18.Bxe7 Qxe7 19.Rxa5 Nc7 20.Re1 Kh7 21.Bc4 Rbe8 22.b4 Bxc3
23.bxc3 Rf6 24.Ra2 d5 25.Bxd5 Nxd5 26.Qxd5 Rd8 27.Qc5 Qxc5 28.bxc5 Rxe6 29.Rb1 Rd7
30.Rab2 Kg8 31.h3 Ree7 32.Rb6 Kf7 33.c6 bxc6 34.Rxa6 Re6 35.Rbb6 Rc7 36.Kg1  1/2-1/2

[Event "Aktiv Alliancen-A"]
[Site "Taastrup"]
[Date "1997.??.??"]
[Round "1"]
[White "Hansen, Lars"]
[Black "Bekker Jensen, David"]
[Result "1-0"]
[WhiteElo "2330"]
[BlackElo "2140"]

1.e4 c5 2.Nc3 Nc6 3.Nf3 Nf6 4.Bb5 e5 5.O-O d6 6.d3 Be7 7.Bxc6+ bxc6 8.Ne1 O-O
9.f4 exf4 10.Bxf4 Be6 11.Nf3 d5 12.e5 Nd7 13.Qe1 h6 14.Kh1 Kh7 15.Qe2 Rb8
16.b3 g5 17.Bd2 Rg8 18.Rae1 Rg6 19.Ng1 g4 20.Bf4 Bg5 21.Qd2 Bxf4 22.Qxf4 Qg5
23.Nge2 Nxe5 24.d4 cxd4 25.Qxd4 Re8 26.Nf4 Nf3 27.gxf3 c5 28.Qe5 Qxe5 29.Rxe5 Rf6
30.Nfxd5 Rxf3 31.Rxf3 gxf3 32.Nf6+ Kg6 33.Nxe8 Bh3 34.Nd1  1-0